Glimpses of Việt Nam

שמור ב:
מידע ביבליוגרפי
מחבר ראשי: Mai Lý Quảng
פורמט: ספר
שפה:Undetermined
יצא לאור: H. Thế giới 2004
נושאים:
תגים: הוספת תג
אין תגיות, היה/י הראשונ/ה לתייג את הרשומה!
Thư viện lưu trữ: Trung tâm Học liệu Trường Đại học Cần Thơ
LEADER 00516nam a2200205Ia 4500
001 CTU_60193
008 210402s9999 xx 000 0 und d
020 |b 180000 
082 |a 915.97 
082 |b Qu106 
100 |a Mai Lý Quảng 
245 0 |a Glimpses of Việt Nam 
245 0 |c Mai Lý Quảng 
260 |a H. 
260 |b Thế giới 
260 |c 2004 
650 |a vietnam 
650 |x description and travel 
904 |i Minh 
980 |a Trung tâm Học liệu Trường Đại học Cần Thơ